| 000 | 00369 a2200133 4500 | ||
|---|---|---|---|
| 005 | 20250620131637.0 | ||
| 020 | _a978-1-905783-33-5 | ||
| 082 | _a343.034 GAR | ||
| 245 | _aInternational Public Procurement: A guide to best Practice | ||
| 260 |
_aLondon _bGlobe business publishing _c2009. |
||
| 300 |
_a453p. _c23cm |
||
| 700 | _aRobert Hernandez Garcia | ||
| 942 |
_2ddc _cBKS |
||
| 999 |
_c4537 _d4537 |
||